[Event "Ch Russia (club) (juniors) (under 18)"]
[Site "masterchessopen.com Rybinsk (Russia)"]
[Date "2009.08.09"]
[Round "8"]
[White "Repina Varvara (RUS)"]
[Black "Bukavshin Ivan (RUS)"]
[Result "0-1"]
[WhiteElo "2264"]
[BlackElo "2404"]

1.d4 Nf6 2.c4 e6 3.Nc3 Bb4 4.e3 O-O 5.Ne2 d5 6.a3 Be7 7.cxd5 Nxd5 8.g3 Nxc3
9.Nxc3 Nd7 10.Bg2 e5 11.dxe5 Nxe5 12.O-O c6 13.Qc2 Qd3 14.Qa4 Qc4 15.Qxc4 Nxc4
16.e4 Bf6 17.f4 Bd4+ 18.Kh1 Rd8 19.Rb1 Nxa3 20.bxa3 Bxc3 21.e5 Bd4 22.a4 c5
23.h4 Rb8 24.Rd1 b6 25.Be4 Bd7 26.Bc2 g6 27.Kh2 Bg4 28.Rd2 a6 29.Be4 b5
30.axb5 axb5 31.Ra2 b4 32.Ra4 Bd7 33.Ra7 c4 34.Rc7 Be6 35.g4 c3 {#R} 0-1

[Event "It (open)"]
[Site "masterchessopen.com Kolkata (India)"]
[Date "2009.09.01"]
[Round "1"]
[White "Aleksandrov Aleksej (BLR)"]
[Black "Udeshi Aditya (IND)"]
[Result "1-0"]
[WhiteElo "2616"]
[BlackElo "2287"]

1.d4 Nf6 2.c4 e6 3.Nc3 Bb4 4.e3 O-O 5.Ne2 d5 6.a3 Bd6 7.cxd5 exd5 8.g3 c6
9.Bg2 a5 10.O-O Na6 11.Bd2 Re8 12.Qc2 Be6 13.f3 c5 14.Nb5 Bf8 15.dxc5 Nxc5
16.b4 axb4 17.axb4 Na6 18.Qb2 Qb6 19.Nbd4 Bd7 20.Rfb1 Nc7 21.Bf1 Nb5 22.Nxb5
Bxb5 23.Qd4 Qe6 24.Ra5 Qf5 25.Rba1 Qxf3 26.Rxa8 Rxa8 27.Rxa8 Ne4 28.Be1 Bxe2
29.Bg2 Qf5 30.Qb6 Qg5 31.Bxe4 dxe4 32.Qc5 Qxc5 33.bxc5 {#r} 1-0

[Event "Ch Spain (team) (Honor gr.1)"]
[Site "masterchessopen.com Lugo (Spain)"]
[Date "2009.09.20"]
[Round "1"]
[White "Aleksandrov Aleksej (BLR)"]
[Black "Lopez Martinez Josep Manuel (ESP)"]
[Result "0-1"]
[WhiteElo "2616"]
[BlackElo "2555"]

1.d4 Nf6 2.c4 e6 3.Nc3 Bb4 4.e3 O-O 5.Ne2 Re8 6.Bd2 d5 7.cxd5 exd5 8.g3 a5
9.Bg2 Na6 10.O-O Bf8 11.a3 c6 12.h3 Nc7 13.Qc2 Ne6 14.Kh2 g6 15.Rad1 b6 16.f3
Ba6 17.Be1 c5 18.dxc5 bxc5 19.Bf2 Rb8 20.f4 Qb6 21.Rd2 Bc4 22.g4 d4 23.exd4
Nxd4 24.Nxd4 Bxf1 25.Bxf1 cxd4 26.Bxd4 Qc7 27.Rf2 Qd8 28.Qd3 Bg7 29.Rd2 h6
30.Bg2 Qd6 31.Ne2 Rbd8 32.Kh1 Qe7 33.Qf3 Rxd4 34.Rxd4 Qxe2 35.Qxe2 Rxe2 36.b4
Re1+ {#R} 0-1

[Event "Olympiad (under 16)"]
[Site "masterchessopen.com Akhisar-Manisa (Turkey)"]
[Date "2009.09.26"]
[Round "2"]
[White "Pavlidou Ekaterini (GRE)"]
[Black "Javakhadze Zurab (GEO)"]
[Result "0-1"]
[WhiteElo "2179"]
[BlackElo "2309"]

1.d4 Nf6 2.c4 e6 3.Nc3 Bb4 4.e3 O-O 5.Ne2 d5 6.a3 Be7 7.cxd5 exd5 8.b4 c6
9.Ng3 b5 10.Bd2 Nbd7 11.Bd3 Nb6 12.O-O Nc4 13.Ra2 a5 14.Qc2 Be6 15.Rfa1 g6
16.Be1 Kg7 17.Nce2 axb4 18.Bxb4 Bxb4 19.axb4 Rxa2 20.Rxa2 Qe7 21.Qb1 Bc8 22.h3
Re8 23.Nc3 h5 24.Ra8 Nxe3 25.fxe3 Qxe3+ 26.Kh2 Rh8 27.Bf5 h4 28.Nh5+ Nxh5
29.Rxc8 Rxc8 30.Bxc8 Qf4+ {#R} 0-1

[Event "Olympiad (under 16)"]
[Site "masterchessopen.com Akhisar-Manisa (Turkey)"]
[Date "2009.10.02"]
[Round "10"]
[White "Pavlidou Ekaterini (GRE)"]
[Black "Kuruwitage Yasas Kalana (SRI)"]
[Result "1-0"]
[WhiteElo "2179"]
[BlackElo "1963"]

1.d4 Nf6 2.c4 e6 3.Nc3 Bb4 4.e3 O-O 5.Ne2 d5 6.a3 Bxc3+ 7.Nxc3 b6 8.Bd3 Bb7
9.O-O Nbd7 10.b4 e5 11.cxd5 exd4 12.exd4 h6 13.Qb3 a6 14.b5 Nb8 15.bxa6 Nxa6
16.Bc4 Qd7 17.a4 Rac8 18.Ba3 Rfd8 19.Bb5 Qg4 20.Be7 Nxd5 21.Nxd5 Bxd5 22.Qg3
Qxg3 23.hxg3 Bb7 24.Bxd8 Rxd8 25.Rad1 Nb4 26.Rfe1 Kf8 27.Re2 Bd5 28.Rb2 Na2
29.Rd3 Rc8 30.Ra3 Nc1 31.Rc3 Na2 32.Rcc2 c6 33.Bc4 {#r} 1-0

[Event "Ch Russia (IPCA)"]
[Site "masterchessopen.com Adler (Russia)"]
[Date "2009.10.08"]
[Round "2"]
[White "Olshansky Alexander (RUS)"]
[Black "Beliaev Vasily (RUS)"]
[Result "1-0"]
[WhiteElo "2225"]
[BlackElo "2054"]

1.d4 Nf6 2.c4 e6 3.Nc3 Bb4 4.e3 O-O 5.Ne2 b6 6.a3 Bxc3+ 7.Nxc3 Bb7 8.Bd3 d6
9.O-O Nbd7 10.e4 c5 11.d5 Ne5 12.Be2 exd5 13.cxd5 Re8 14.f3 a6 15.a4 Qc7
16.Bg5 Ned7 17.Qc2 c4 18.Rac1 b5 19.Kh1 b4 20.Nd1 Rac8 21.Ne3 Ne5 22.Bxf6 gxf6
23.Nf5 a5 24.Qd2 {#r} 1-0

[Event "Memorial M.Chigorin (open)"]
[Site "masterchessopen.com St. Petersburg (Russia)"]
[Date "2009.10.17"]
[Round "2"]
[White "Manukyan Sargis (ARM)"]
[Black "Bocharov Dmitry (RUS)"]
[Result "0-1"]
[WhiteElo "2199"]
[BlackElo "2613"]

1.d4 Nf6 2.c4 e6 3.Nc3 Bb4 4.e3 O-O 5.Ne2 d5 6.a3 Be7 7.cxd5 exd5 8.g3 c6
9.Bg2 a5 10.O-O Na6 11.Nf4 Re8 12.f3 Bf8 13.b3 b5 14.Re1 Nc7 15.Ra2 c5 16.dxc5
Bxc5 17.Kh1 Bb7 18.Qd3 d4 19.Nxb5 Ba6 20.a4 Ncd5 21.Rae2 Nxe3 22.Bb2 Qb6 23.g4
h6 24.Rc1 Rad8 25.h4 Bd6 26.Nh3 Bb8 27.Ba3 Nd7 28.Rd2 Ne5 29.Qe2 Nxg2 30.Qxg2
Bb7 31.Ng1 d3 32.Bc5 Qf6 33.Rf1 Qxh4+ {#R} 0-1

[Event "Ch World (juniors) (under 20)"]
[Site "masterchessopen.com Puerto Madryn (Argentina)"]
[Date "2009.10.22"]
[Round "1"]
[White "Meza Hugo (ARG)"]
[Black "Brunello Sabino (ITA)"]
[Result "1-0"]
[WhiteElo "2318"]
[BlackElo "2547"]

1.d4 Nf6 2.c4 e6 3.Nc3 Bb4 4.e3 O-O 5.Ne2 d5 6.a3 Be7 7.cxd5 exd5 8.Nf4 Re8
9.Bd3 a5 10.O-O g6 11.Qc2 c6 12.f3 c5 13.dxc5 Bxc5 14.Rd1 Rxe3 15.Kh1 Re5
16.Ncxd5 Nbd7 17.Nxf6+ Qxf6 18.Be4 Bd6 19.Be3 Bc5 20.Bd2 Bd4 21.Nd5 Rxd5
22.Bxd5 Bxb2 23.Rab1 Be5 24.f4 Bd6 25.Qc4 Nc5 26.Be3 Ne6 27.Bxe6 Bxe6 28.Rxd6
{#r} 1-0

[Event "Ch World (juniors) (under 20)"]
[Site "masterchessopen.com Puerto Madryn (Argentina)"]
[Date "2009.10.23"]
[Round "3"]
[White "Meza Hugo (ARG)"]
[Black "Gundavaa Bayarsaihan (MGL)"]
[Result "0-1"]
[WhiteElo "2318"]
[BlackElo "2477"]

1.d4 Nf6 2.c4 e6 3.Nc3 Bb4 4.e3 O-O 5.Ne2 d5 6.a3 Be7 7.cxd5 exd5 8.Nf4 c6
9.Bd3 Nbd7 10.O-O Re8 11.b4 a6 12.Qc2 Bd6 13.Nfe2 Nf8 14.f3 a5 15.Rb1 axb4
16.axb4 Bc7 17.e4 dxe4 18.fxe4 Bb6 19.Kh1 Bxd4 20.Nxd4 Qxd4 21.Ne2 Qd7 22.Ng3
Ng4 23.Nf5 Ng6 24.b5 Qc7 25.g3 Be6 26.b6 Qd8 27.Rd1 Bxf5 28.exf5 Qd5+ 29.Kg1
N6e5 {#R} 0-1

[Event "Ch World (juniors) (under 18)"]
[Site "masterchessopen.com Kemer (Turkey)"]
[Date "2009.11.12"]
[Round "1"]
[White "Reimanis Ritvars (LAT)"]
[Black "Yaksin Oleg (RUS)"]
[Result "0-1"]
[WhiteElo "2138"]
[BlackElo "2385"]

1.d4 Nf6 2.c4 e6 3.Nc3 Bb4 4.e3 O-O 5.Ne2 d5 6.a3 Be7 7.Ng3 c5 8.dxc5 Bxc5
9.cxd5 exd5 10.Bd3 Nc6 11.O-O Be6 12.b4 Bd6 13.Bb2 Ng4 14.Be2 Nce5 15.Nxd5 Qh4
16.h3 Nxf2 17.Kxf2 Nd3+ 18.Qxd3 Qxg3+ 19.Kg1 Bxh3 20.Bf3 Qh2+ 21.Kf2 Bg3+
22.Ke2 Bxg2 23.Ne7+ Kh8 24.Bxg7+ Kxg7 25.Qd4+ f6 26.Kd3 Rfd8 27.Nd5 Bxf3
28.Rxf3 Be5 29.Qg4+ Kh8 30.Rg1 Rxd5+ 31.Ke4 Qc2+ {#R} 0-1

[Event "Ch World (juniors) (under 16)"]
[Site "masterchessopen.com Kemer (Turkey)"]
[Date "2009.11.18"]
[Round "7"]
[White "Ben Arzi Ido (ISR)"]
[Black "Ferreira Jorge Joao Viterbo (POR)"]
[Result "1-0"]
[WhiteElo "2076"]
[BlackElo "1902"]

1.d4 Nf6 2.c4 e6 3.Nc3 Bb4 4.e3 O-O 5.Ne2 Re8 6.a3 Bf8 7.d5 a5 8.Ng3 c6 9.dxe6
fxe6 10.e4 e5 11.Be3 d6 12.Be2 Be6 13.h4 Nbd7 14.Nh5 Qe7 15.Nxf6+ Nxf6 16.g4
d5 17.exd5 cxd5 18.cxd5 Bf7 19.Bc4 Qd7 20.Qe2 b5 21.Bxb5 {#r} 1-0

[Event "Ch World (juniors) (under 16)"]
[Site "masterchessopen.com Kemer (Turkey)"]
[Date "2009.11.18"]
[Round "7"]
[White "Nikolashvili Giorgi N (GEO)"]
[Black "Udeshi Aditya (IND)"]
[Result "1-0"]
[WhiteElo "2186"]
[BlackElo "2287"]

1.d4 Nf6 2.c4 e6 3.Nc3 Bb4 4.e3 O-O 5.Ne2 d5 6.a3 Bd6 7.Ng3 c6 8.Bd3 Nbd7
9.O-O e5 10.cxd5 cxd5 11.dxe5 Nxe5 12.Be2 Bc7 13.Nb5 Bb8 14.b3 Re8 15.Bb2 a6
16.Nd4 Ne4 17.Rc1 Bd7 18.Nf3 Nxf3+ 19.Bxf3 Bb5 20.Re1 Qg5 21.a4 Bc6 22.Qd3 Re6
23.Bd1 Qh4 24.Qxd5 Bc7 25.Qh5 Qd8 26.Nf5 Rg6 27.Qf3 Rg5 28.Qh3 Qe8 {#r} 1-0

[Event "Bundesliga 2009/10 (w)"]
[Site "masterchessopen.com Germany"]
[Date "2009.12.06"]
[Round "4"]
[White "Nill Jessica (GER)"]
[Black "Lehmann Christina (GER)"]
[Result "1-0"]
[WhiteElo "2237"]
[BlackElo "2095"]

1.d4 Nf6 2.c4 e6 3.Nc3 Bb4 4.e3 O-O 5.Ne2 d5 6.a3 Be7 7.Nf4 c6 8.Bd3 Nbd7
9.O-O dxc4 10.Bxc4 e5 11.Nfe2 exd4 12.exd4 Nb6 13.Bd3 Bd6 14.h3 h6 15.Nf4 Bxf4
16.Bxf4 Be6 17.Re1 Qd7 18.Be5 Nbd5 19.Qf3 Rfe8 20.Ne4 Nxe4 21.Qxe4 g6 22.Qf3
Qe7 23.Re2 Qg5 24.Rae1 h5 25.Bg3 Bd7 26.Be4 Be6 27.h4 Qd8 28.Bxg6 Qf6 29.Bxh5
{#r} 1-0

[Event "Ch City (open)"]
[Site "masterchessopen.com Skopje (Macedonia)"]
[Date "2009.12.19"]
[Round "8"]
[White "Hristovski Srdzan (MKD)"]
[Black "Vladimirov Vladimir (MKD)"]
[Result "0-1"]
[WhiteElo "2150"]
[BlackElo "2222"]

1.d4 Nf6 2.c4 e6 3.Nc3 Bb4 4.e3 O-O 5.Ne2 d5 6.a3 Be7 7.Nf4 b6 8.cxd5 exd5
9.Be2 Bb7 10.Bf3 a5 11.O-O Re8 12.Qc2 c6 13.Bd2 Nbd7 14.Rfb1 Bd6 15.Nce2 g5
16.Nh5 g4 17.Bxg4 Nxg4 18.Qf5 Bxh2+ 19.Kf1 Qh4 20.g3 Nh6 21.Qxd7 Qxh5 22.Qxb7
Qf3 23.Ng1 Bxg1 24.Kxg1 Ng4 25.Rf1 Kg7 26.Qc7 Re4 27.Qxc6 Re6 28.Qxe6 fxe6
{#R} 0-1

[Event "Ch Australia (major)"]
[Site "masterchessopen.com Sydney (Australia)"]
[Date "2010.01.10"]
[Round "8"]
[White "Alkin John (AUS)"]
[Black "Haron Greg"]
[Result "0-1"]
[WhiteElo "1910"]
[BlackElo "2058"]

1.d4 Nf6 2.c4 e6 3.Nc3 Bb4 4.e3 O-O 5.Ne2 d5 6.a3 Be7 7.Nf4 b6 8.Bd3 Bb7 9.O-O
Nbd7 10.f3 c5 11.Nfe2 Rc8 12.cxd5 exd5 13.Ng3 Re8 14.Nf5 Bf8 15.Nb5 Rc6
16.Nxa7 Rce6 17.Nb5 g6 18.Ng3 Bh6 19.e4 Bxc1 20.Rxc1 dxe4 21.fxe4 Nxe4 22.Nxe4
Bxe4 23.Bc4 Qg5 24.Qe2 Bd5 25.Qc2 Re2 26.Bxd5 Qxd5 {#R} 0-1

[Event "Ch England (team) 2009/10"]
[Site "masterchessopen.com England"]
[Date "2010.01.16"]
[Round "3"]
[White "Richardson John R (ENG)"]
[Black "Harakis Alexis (ENG)"]
[Result "1-0"]
[WhiteElo "2307"]
[BlackElo "2205"]

1.d4 Nf6 2.c4 e6 3.Nc3 Bb4 4.e3 O-O 5.Ne2 d5 6.a3 Be7 7.Nf4 c6 8.cxd5 exd5
9.Bd3 Re8 10.O-O Bd6 11.f3 Qb6 12.Kh1 Nbd7 13.g4 Nf8 14.g5 Bxf4 15.gxf6 Bxe3
16.Re1 Bxc1 17.Rxe8 Bh6 18.Qe1 g5 19.Qe7 Be6 20.Rxa8 Qxd4 21.Rg1 Qf4 22.Rg3
Qc1+ 23.Kg2 Qd2+ 24.Ne2 b6 25.h4 Qxd3 26.Rxg5+ {#r} 1-0

[Event "Ch PriFO (open)"]
[Site "masterchessopen.com Naberezhnye Chelny (Russia)"]
[Date "2010.01.21"]
[Round "3"]
[White "Poniaev Ruslan (RUS)"]
[Black "Predke Alexandr (RUS)"]
[Result "0-1"]
[WhiteElo "2300"]
[BlackElo "2436"]

1.d4 Nf6 2.c4 e6 3.Nc3 Bb4 4.e3 O-O 5.Ne2 d5 6.a3 Be7 7.cxd5 exd5 8.g3 c6
9.Bg2 Re8 10.O-O Na6 11.Nf4 Nc7 12.b3 Bd6 13.Nd3 Bf5 14.f3 Bg6 15.g4 Ne6
16.Nf4 Qc7 17.Nxe6 Rxe6 18.g5 Bxh2+ 19.Kh1 Qg3 20.Qe1 Qxe1 21.Rxe1 Bg3 22.Rf1
Ne8 23.Bh3 Re7 24.f4 Nd6 25.Ne2 Be4+ 26.Bg2 Nf5 27.Bxe4 Rxe4 28.Kg2 Bh4 29.Kf3
Rae8 30.Kg4 g6 31.Ra2 Rxe3 32.Bxe3 Nxe3+ 33.Kxh4 Nxf1 34.Nc3 Re3 35.Na4 Ng3
{#R} 0-1

[Event "It (open)"]
[Site "masterchessopen.com Chennai (India)"]
[Date "2010.01.26"]
[Round "3"]
[White "Swayams Mishra (IND)"]
[Black "Pratyusha Bodda (IND)"]
[Result "1-0"]
[WhiteElo "2377"]
[BlackElo "2086"]

1.d4 Nf6 2.c4 e6 3.Nc3 Bb4 4.e3 O-O 5.Ne2 d5 6.a3 Be7 7.Ng3 dxc4 8.Bxc4 Nbd7
9.O-O Nb6 10.Ba2 Bd7 11.e4 Bc6 12.b4 a6 13.Be3 Qe8 14.Qc2 Kh8 15.Rfe1 Qd7
16.d5 Bb5 17.Bxb6 cxb6 18.a4 Bxb4 19.axb5 Rfc8 20.Nge2 Qc7 21.d6 Qxd6 22.h3
axb5 23.Qb2 Qc5 24.Red1 Bxc3 25.Nxc3 Qxc3 26.Rd8+ Ng8 27.Qxc3 Rxc3 28.Rxa8 g6
29.Rb8 b4 30.Rb1 Ra3 31.Bb3 Kg7 32.Rxb7 {#r} 1-0

[Event "Ch Europe (w)"]
[Site "masterchessopen.com Rijeka (Croatia)"]
[Date "2010.03.07"]
[Round "2"]
[White "Peng Zhaoqin (NED)"]
[Black "Przezdziecka Marta (POL)"]
[Result "1-0"]
[WhiteElo "2400"]
[BlackElo "2249"]

1.d4 Nf6 2.c4 e6 3.Nc3 Bb4 4.e3 O-O 5.Ne2 b6 6.a3 Be7 7.e4 d6 8.Ng3 e5 9.d5
Ne8 10.Be2 g6 11.O-O Ng7 12.Be3 h5 13.Bd3 Nd7 14.b4 Nf6 15.h3 h4 16.Nge2 Nfh5
17.Qd2 g5 18.Kh2 Nf4 19.Bc2 Ngh5 20.Ng1 g4 21.g3 hxg3+ 22.fxg3 Nxg3 23.Rxf4
exf4 24.Bxf4 Nh5 25.Bh6 Bf6 26.Rf1 Be5+ 27.Kg2 Qh4 28.Nce2 Bg7 29.Bxg7 Nxg7
30.Ng3 gxh3+ 31.Kh2 Bd7 32.Nf3 Qf6 33.e5 dxe5 34.Ne4 Qe7 35.Qh6 Rfc8 {#r} 1-0

[Event "Ch Slovakia (team) 2009/10 (1 liga) West"]
[Site "masterchessopen.com Slovakia"]
[Date "2010.03.07"]
[Round "11"]
[White "Bernasek Jan (CZE)"]
[Black "Veres Andrej (SVK)"]
[Result "1-0"]
[WhiteElo "2490"]
[BlackElo "2168"]

1.d4 Nf6 2.c4 e6 3.Nc3 Bb4 4.e3 O-O 5.Ne2 d5 6.a3 Bd6 7.Ng3 b6 8.cxd5 exd5
9.b4 c5 10.bxc5 bxc5 11.dxc5 Be5 12.Bb2 d4 13.exd4 Bxd4 14.Be2 Ba6 15.Nf5
Bxc3+ 16.Bxc3 Bxe2 17.Qxd8 Rxd8 18.Kxe2 Ne4 19.Bxg7 Nxc5 20.Rhd1 Nbd7 21.Rac1
Ne6 22.Bc3 Ndc5 23.Bf6 Rxd1 24.Rxd1 Ne4 25.Ba1 Rd8 26.Rb1 Nf4+ 27.Ke3 Nd2
28.Rg1 Ng6 29.g3 Nc4+ 30.Kf3 Nxa3 31.Rc1 Nb5 32.h4 f6 33.Bxf6 Re8 34.Nh6+ Kf8
35.Rc5 Nd6 36.Rc7 {#r} 1-0

[Event "Memorial Dautov (open)"]
[Site "masterchessopen.com Ufa (Russia)"]
[Date "2010.04.04"]
[Round "2"]
[White "Kutlyarov Aleksandr (RUS)"]
[Black "Kuzmicheva Darja (RUS)"]
[Result "1-0"]
[WhiteElo "2119"]
[BlackElo "1815"]

1.d4 e6 2.c4 Nf6 3.Nc3 Bb4 4.e3 O-O 5.Qc2 d5 6.Nf3 c5 7.Bd3 Nc6 8.cxd5 exd5
9.a3 Bxc3+ 10.bxc3 c4 11.Be2 Re8 12.Nd2 g6 13.O-O Bf5 14.Qb2 b6 15.Re1 Na5
16.a4 Ne4 17.Ra3 Qd7 18.f3 Nxd2 19.Bxd2 Qd6 20.Bd1 Re7 21.Qb4 Nb7 22.Ra2 Rae8
23.Qxd6 Nxd6 24.a5 Bd3 25.axb6 axb6 26.Ra6 Rb7 27.Bc1 f5 28.Ba3 Nb5 29.Ba4 Nc7
30.Bxe8 Nxa6 31.Bc6 Rb8 32.Bxd5+ Kg7 33.Bd6 Rd8 34.Be5+ Kf8 35.e4 fxe4 36.fxe4
{#r} 1-0

[Event "Ch Bulgaria"]
[Site "masterchessopen.com Kyustendil (Bulgaria)"]
[Date "2010.04.09"]
[Round "3"]
[White "Petkov Vladimir (BUL)"]
[Black "Arnaudov G Petar (BUL)"]
[Result "1-0"]
[WhiteElo "2513"]
[BlackElo "2442"]

1.d4 Nf6 2.c4 e6 3.Nc3 Bb4 4.e3 O-O 5.Ne2 d5 6.a3 Bd6 7.c5 Be7 8.Nf4 b6 9.b4
a5 10.Rb1 axb4 11.axb4 bxc5 12.bxc5 c6 13.Nd3 Nfd7 14.f4 f6 15.Be2 e5 16.f5
Nxc5 17.Nxc5 Bxc5 18.dxc5 d4 19.Ne4 Bxf5 20.Bd3 Bxe4 21.Bxe4 f5 22.Bd3 Qg5
23.O-O dxe3 24.Qf3 f4 25.Bxe3 Ra3 26.Bxf4 {#r} 1-0

[Event "It"]
[Site "masterchessopen.com Krakow (Poland)"]
[Date "2010.04.28"]
[Round "4"]
[White "Gbyl Andrzej (POL)"]
[Black "Podolchenko Evgeniy (BLR)"]
[Result "1-0"]
[WhiteElo "2286"]
[BlackElo "2506"]

1.d4 Nf6 2.c4 e6 3.Nc3 Bb4 4.e3 O-O 5.Ne2 Re8 6.a3 Bf8 7.d5 e5 8.Ng3 d6 9.Bd3
a5 10.b3 Nbd7 11.Bb2 c6 12.O-O Nc5 13.Bc2 Qb6 14.Rb1 Bg4 15.f3 Bd7 16.Kh1 cxd5
17.Nxd5 Nxd5 18.Qxd5 Be6 19.Qd1 Red8 20.f4 h6 21.f5 Bd7 22.f6 g6 23.h4 a4
24.b4 Nb3 25.Qe2 h5 26.Nxh5 Bh6 27.c5 dxc5 28.Bxg6 cxb4 29.Bxf7+ Kxf7 30.Qd3
Bf8 31.Qh7+ Ke6 32.Rbd1 Nd4 33.exd4 Kd6 34.Rc1 {#r} 1-0

[Event "It (open)"]
[Site "masterchessopen.com Bhubaneswar (India)"]
[Date "2010.05.29"]
[Round "10"]
[White "Praveen Kumar C (IND)"]
[Black "Ismagambetov Anuar (KAZ)"]
[Result "1-0"]
[WhiteElo "2380"]
[BlackElo "2492"]

1.d4 Nf6 2.c4 e6 3.Nc3 Bb4 4.e3 O-O 5.Ne2 d5 6.a3 Be7 7.cxd5 exd5 8.b4 c6
9.Ng3 Re8 10.Bd3 Nbd7 11.O-O b5 12.f3 Nb6 13.Bc2 a5 14.Rb1 axb4 15.axb4 Ra7
16.e4 dxe4 17.fxe4 Bg4 18.Qd3 Rd7 19.Nce2 g6 20.h3 Be6 21.Qf3 Nc4 22.Bg5 Kg7
23.Nf4 Rxd4 24.Bxf6+ Bxf6 25.Nfh5+ gxh5 26.Nxh5+ Kf8 27.Nxf6 Nd2 28.Qh5 Nxf1
29.Qg5 Ke7 30.Ra1 Rc4 31.Ra7+ Bd7 32.Nxd7+ {#r} 1-0

[Event "Ch Germany (juniors) (Internet) (under 25) (qual1)"]
[Site "masterchessopen.com Internet"]
[Date "2010.06.02"]
[Round "5"]
[White "Siedentopf Daniel (GER)"]
[Black "Grimberg Boris (GER)"]
[Result "0-1"]
[WhiteElo "2240"]
[BlackElo "2355"]

1.d4 Nf6 2.c4 e6 3.Nc3 Bb4 4.e3 O-O 5.Ne2 d5 6.a3 Bxc3+ 7.Nxc3 c5 8.dxc5 Nc6
9.Be2 Qe7 10.b4 dxc4 11.Bxc4 a5 12.Rb1 axb4 13.axb4 Rd8 14.Qc2 Ng4 15.h3 Qh4
16.g3 Nxe3 17.gxh4 Nxc2+ 18.Kf1 N2xb4 19.Be3 Nd5 20.Nxd5 exd5 21.Bb5 Bf5
22.Rc1 d4 23.Bxc6 bxc6 24.Bf4 d3 25.Rd1 Be4 26.Rg1 Bf3 27.Rb1 d2 28.Be5 d1=Q+
{#R} 0-1

[Event "Ch Germany (juniors) (Internet) (under 14) (qual3)"]
[Site "masterchessopen.com Internet"]
[Date "2010.06.09"]
[Round "7"]
[White "Wiesner Paula (GER)"]
[Black "Dallinger Moritz (GER)"]
[Result "1-0"]
[WhiteElo "1804"]
[BlackElo "1489"]

1.d4 Nf6 2.c4 e6 3.Nc3 Bb4 4.e3 O-O 5.Ne2 b6 6.a3 Bxc3+ 7.Nxc3 Bb7 8.f3 d5
9.Bd3 Qd6 10.O-O Nbd7 11.Bc2 dxc4 12.Qe2 Ba6 13.Rd1 Nd5 14.e4 Nxc3 15.bxc3 f5
16.exf5 exf5 17.Qf2 Qg6 18.Bf4 c6 19.Re1 Rae8 20.Rxe8 Rxe8 21.Re1 Rxe1+
22.Qxe1 Qf7 23.Qh4 Nf6 24.Bxf5 g6 25.Bc2 Kf8 26.Be5 Nd5 27.Qd8+ Qe8 28.Qh4 h5
29.Qe1 Qe7 30.Bxg6 Qxa3 31.Qh4 Ne7 32.Qf6+ Kg8 33.Qg7# 1-0

[Event "It (open)"]
[Site "masterchessopen.com Voronezh (Russia)"]
[Date "2010.06.12"]
[Round "1"]
[White "Poghosyan Suren (ARM)"]
[Black "Oleksienko Mikhailo (UKR)"]
[Result "1-0"]
[WhiteElo "2335"]
[BlackElo "2559"]

1.d4 Nf6 2.c4 e6 3.Nc3 Bb4 4.e3 O-O 5.Ne2 Re8 6.a3 Bf8 7.g3 d5 8.c5 a5 9.Bd2
Nc6 10.Bg2 b6 11.cxb6 cxb6 12.e4 dxe4 13.Nxe4 Nd5 14.O-O Ba6 15.Be3 Rc8 16.Re1
Nce7 17.N2c3 h6 18.Qh5 Nxe3 19.fxe3 Nf5 20.Rad1 g6 21.Qf3 Bb7 22.Rf1 Bg7 23.g4
Rc7 24.d5 Nh4 25.Qg3 exd5 26.Nxd5 Bxd5 27.Rxd5 Qe7 28.Nd6 Qxe3+ 29.Kh1 Rc1
30.Qxh4 Rxf1+ 31.Bxf1 Qf4 {#r} 1-0

[Event "It (open)"]
[Site "masterchessopen.com Eforie Nord (Romania)"]
[Date "2010.06.18"]
[Round "1"]
[White "Linca Ionel (ROM)"]
[Black "Itkis Boris (ROM)"]
[Result "0-1"]
[WhiteElo "1940"]
[BlackElo "2415"]

1.d4 Nf6 2.c4 e6 3.Nc3 Bb4 4.e3 O-O 5.Ne2 d5 6.a3 Be7 7.Nf4 c6 8.Bd3 Nbd7
9.cxd5 Nxd5 10.e4 Nxc3 11.bxc3 e5 12.Ne2 exd4 13.cxd4 c5 14.Bb2 cxd4 15.Bxd4
Bc5 16.Bc3 Qe7 17.Qb3 Ne5 18.Bxe5 Qxe5 19.O-O Be6 20.Qb1 Rad8 21.a4 Rd6 22.a5
Rfd8 23.Nc1 Bh3 24.Re1 Rg6 25.Bf1 Bxg2 {#R} 0-1

[Event "It (open)"]
[Site "masterchessopen.com Arvier (Italy)"]
[Date "2010.07.05"]
[Round "3"]
[White "Fossati Remigio (ITA)"]
[Black "Suba Mihai (ROM)"]
[Result "0-1"]
[WhiteElo "2240"]
[BlackElo "2464"]

1.d4 Nf6 2.c4 e6 3.Nc3 Bb4 4.e3 O-O 5.Ne2 d5 6.a3 Be7 7.cxd5 exd5 8.Ng3 c5
9.Bd3 Nc6 10.dxc5 Bxc5 11.b4 Bb6 12.Na4 Bc7 13.Bb2 Ng4 14.Nf5 Nge5 15.Bc2 Bxf5
16.Bxf5 Qg5 17.Bh3 Nc4 18.b5 Nxb2 19.Nxb2 Ne7 20.Qd2 d4 21.O-O Qxb5 22.exd4
Rad8 23.Rfd1 Bb6 24.a4 Qh5 25.Re1 Nc6 26.Qe2 Qxe2 27.Rxe2 Nxd4 28.Re7 Nb3
29.Rb1 Na5 30.Nd1 Rd4 31.Nc3 Rfd8 32.Rbe1 Kf8 33.g3 Bc5 34.Rc7 Rc4 35.Nd5 g6
36.Kg2 Rxd5 {#R} 0-1

[Event "It (open)"]
[Site "masterchessopen.com La Fere (France)"]
[Date "2010.07.08"]
[Round "7"]
[White "Colin Vincent (FRA)"]
[Black "Romanov Evgeny (RUS)"]
[Result "0-1"]
[WhiteElo "2439"]
[BlackElo "2598"]

1.d4 Nf6 2.c4 e6 3.Nc3 Bb4 4.e3 O-O 5.Ne2 d5 6.cxd5 exd5 7.g3 Bf5 8.Bg2 Be4
9.f3 Bg6 10.O-O c5 11.a3 cxd4 12.axb4 dxc3 13.Nxc3 Nc6 14.b5 Nb4 15.g4 h6
16.f4 Bd3 17.Rf2 Ne4 18.Nxe4 Bxe4 19.Rd2 Qb6 20.Rd4 Qxb5 21.Bxe4 dxe4 22.Qb3
a5 23.Bd2 Rad8 24.Re1 Rxd4 25.exd4 Qd7 26.f5 Qxd4+ 27.Qe3 Qd6 28.Bxb4 Qxb4
29.Qxe4 Qxb2 30.Rb1 Qd2 31.Rxb7 Qc1+ 32.Kg2 Rc8 33.Qb1 Qd2+ 34.Kf3 Rc3+ 35.Ke4
Re3+ {#R} 0-1

[Event "It (open)"]
[Site "masterchessopen.com Pamplona (Spain)"]
[Date "2010.07.28"]
[Round "4"]
[White "Alvarez Pedraza Aramis (CUB)"]
[Black "Oleksienko Mikhailo (UKR)"]
[Result "0-1"]
[WhiteElo "2516"]
[BlackElo "2559"]

1.d4 Nf6 2.c4 e6 3.Nc3 Bb4 4.e3 O-O 5.Ne2 Re8 6.a3 Bf8 7.d5 a5 8.Ng3 Na6 9.Bd3
Nc5 10.Bc2 exd5 11.cxd5 c6 12.b3 b5 13.Bb2 Ba6 14.d6 b4 15.axb4 axb4 16.Na4
Ne6 17.Qf3 Nd5 18.O-O-O Bb5 19.e4 Nb6 20.Nxb6 Qxb6 21.Qh5 Ra2 22.e5 Rxb2
23.Kxb2 Qa7 24.Qf5 g6 {#R} 0-1

[Event "Ch Chess Club"]
[Site "masterchessopen.com Omsk (Russia)"]
[Date "2010.08.01"]
[Round "1"]
[White "Kozenkov Valery (RUS)"]
[Black "Polchin Alexander (RUS)"]
[Result "1-0"]
[WhiteElo "2132"]
[BlackElo "1720"]

1.d4 Nf6 2.c4 e6 3.Nc3 Bb4 4.e3 O-O 5.Ne2 d5 6.a3 Be7 7.cxd5 exd5 8.Ng3 Bg4
9.f3 Be6 10.Bd3 c5 11.dxc5 Bxc5 12.b4 Bd6 13.O-O Nc6 14.Bb2 Bxg3 15.hxg3 Ne5
16.Ne2 Qd6 17.Bb1 Rad8 18.g4 Rfe8 19.g5 Nh5 20.Qc2 f5 21.gxf6 Nxf6 22.Nf4 Bf7
23.Qf2 Nc4 24.Bd4 Nh5 25.Qc2 Qh6 26.Nxh5 Bxh5 27.Re1 Rc8 28.Qf5 Bf7 29.Qd7 Qc6
30.Qg4 Qh6 31.Kf2 Be6 32.Qg3 Nd2 33.Rh1 Rf8 34.Rxh6 Ne4+ 35.Bxe4 {#r} 1-0